000 00423nam a2200145Ia 4500
008 231129s1997||||xx |||||||||||||| ||spa||
020 _a958-04-3888-9
040 _bspa
082 _a150.1952 B814p
100 _aBrainsky Simón
245 0 _aPsicoanálisis y creatividad: Más allá del instinto de muerte
260 _c1997
264 _aGrupo Editorial Norma
942 _2ddc
_cBKS
999 _c23438
_d23438